Actors / Actresses by their Characters - Picture Edition #2 - Statistics

General Stats
  • This quiz has been taken 86 times
  • The average score is 9 of 15
Answer Stats
Picture Answer % Correct
Jim Carrey
93%
Cameron Diaz
85%
Christian Bale
82%
Tobey Maguire
82%
Halle Berry
73%
Orlando Bloom
68%
Jodie Foster
64%
Rupert Grint
64%
Amy Adams
62%
Martin Freeman
49%
Terry Crews
47%
Kevin James
38%
Alexandra Daddario
36%
Grace Kelly
33%
Julia Louis-Dreyfus
33%
No matching quizzes found
Score Distribution
Percent of People with Each Score
Percentile by Number Answered
Your Score History
You have not taken this quiz